Star wars the clone wars : (Record no. 2312)
[ view plain ]
| 000 -LEADER | |
|---|---|
| fixed length control field | 00768nam a22002417a 4500 |
| 005 - DATE AND TIME OF LATEST TRANSACTION | |
| control field | 20240719090317.0 |
| 020 ## - INTERNATIONAL STANDARD BOOK NUMBER | |
| International Standard Book Number | 9780756657758 |
| 040 ## - CATALOGING SOURCE | |
| Original cataloging agency | FISKH |
| Language of cataloging | eng |
| Transcribing agency | FISKH |
| Modifying agency | FISKH |
| 050 ## - LIBRARY OF CONGRESS CALL NUMBER | |
| Classification number | PZ7.B38635 |
| 082 ## - DEWEY DECIMAL CLASSIFICATION NUMBER | |
| Classification number | 791.43 |
| 100 ## - MAIN ENTRY--PERSONAL NAME | |
| Personal name | Beecroft, Simon |
| 245 ## - TITLE STATEMENT | |
| Title | Star wars the clone wars : |
| Remainder of title | Stand aside-bounty hunters! / |
| Statement of responsibility, etc. | Written by Simon Beecroft |
| 250 ## - EDITION STATEMENT | |
| Edition statement | First published in the United States in 2010 |
| 260 ## - PUBLICATION, DISTRIBUTION, ETC. | |
| Place of publication, distribution, etc. | New York : |
| Name of publisher, distributor, etc. | DK Publishing, |
| Date of publication, distribution, etc. | 2010 |
| 300 ## - PHYSICAL DESCRIPTION | |
| Extent | 32 pages |
| Other physical details | illustrations |
| Dimensions | 22 cm |
| 490 ## - SERIES STATEMENT | |
| Series statement | Star Wars The Clone Wars |
| 505 ## - FORMATTED CONTENTS NOTE | |
| Formatted contents note | J<br/> |
| 520 ## - SUMMARY, ETC. | |
| Summary, etc. | "Cad Bane is on an evil mission--will the Jedi be able to stop him in time?" |
| 521 ## - TARGET AUDIENCE NOTE | |
| Target audience note | 500 <br/><br/> |
| Source | Lexile estimate<br/> |
| 521 ## - TARGET AUDIENCE NOTE | |
| Target audience note | J<br/> |
| Source | Raz-Plus<br/> |
| 942 ## - ADDED ENTRY ELEMENTS (KOHA) | |
| Source of classification or shelving scheme | Dewey Decimal Classification |
| Koha item type | Books |
| Suppress in OPAC | No |
| 999 ## - | |
| -- | 2312 |
| -- | 2312 |
| Withdrawn status | Lost status | Source of classification or shelving scheme | Damaged status | Not for loan | Collection | Home library | Current library | Shelving location | Date acquired | Total Checkouts | Full call number | Barcode | Date last seen | Date last checked out | Price effective from | Koha item type |
|---|---|---|---|---|---|---|---|---|---|---|---|---|---|---|---|---|
| Dewey Decimal Classification | Juvenile Fiction | Footprints International School Library Network Toul Kork Campus | Footprints International School Library Network Toul Kork Campus | TK Primary Library Room(4th Floor), Bookcase 1&2, Shelves 1-16, Dark Blue Books | 11/16/2023 | 1 | BEE 791.43 PZ7.B38635 | FISTK01394 | 03/05/2025 | 09/04/2024 | 11/16/2023 | Books |
